Statistics for Scottish Inventions

Click here to take the quiz!

General Stats

  • This quiz has been taken 9,006 times
  • The average score is 9 of 15

Answer Stats

ClueAnswer% Correct
Hitting a ball into a holeGolf
98%
Device for talking at a distanceTelephone
92%
Miracle antibioticPenicillin
77%
Way to inject medicineHypodermic Needle
75%
Temperature unit that starts at absolute zeroKelvin
73%
Method of sending documents electronicallyFax Machine
71%
Mirrored cylinder that you look through to see cool patternsKaleidoscope
70%
Stereotypical Canadian sportCurling
50%
Way to make someone act like a chickenHypnotism
49%
Major improvements by James Watt to thisSteam Engine
47%
The "dismal science" of capitalismEconomics
43%
Rubberized raincoatMackintosh
40%
Use of these as a forensic toolFingerprints
29%
Device that replaces human interactionTelevision
25%
Use of this gas as an anaethesticChloroform
15%

Score Distribution

Percentile by Number Answered

Percent of People with Each Score

Your Score History

You have not taken this quiz